Rytíř temného slunce /

Hlavní autor: Harder, Swen, 1974-
Další autoři: Smrkovský, Michal, Frauenwahl, Fufu, 1974-
Jazyk: Čeština
Vydáno: Ostrava : Jiří Reiter, nakladatelství Mytago, 2017
Vydání: Vydání první
Témata:
Fyzický popis: 637 stran : ilustrace ; 22 cm
Knihy
Uloženo v:
LEADER 01868nam a2200529 i 4500
001 nkc20172909027
003 CZ PrNK
005 20170815150026.0
007 ta
008 170719s2017 xr a g 000 f cze
015 |a cnb002909027 
020 |a 978-80-87761-28-1  |q (vázáno) 
035 |a (OCoLC)1003288116 
040 |a OLA001  |b cze  |d ABA001  |e rda 
041 1 |a cze  |h ger 
072 7 |a 821.112.2-3  |x Německá próza, německy psaná  |2 Konspekt  |9 25 
080 |a 821.112.2-31  |2 MRF 
080 |a (0:82-311.3)  |2 MRF 
080 |a (0:82-312.9)  |2 MRF 
080 |a (0.05)793.7  |2 MRF 
100 1 |a Harder, Swen,  |d 1974-  |7 osa2017958165  |4 aut 
240 1 0 |a Reiter der schwarzen Sonne.  |l Česky 
245 1 0 |a Rytíř temného slunce /  |c Swen Harder ; překlad: Michal Smrkovský ; ilustrace a obálka: Fufu Frauenwahl 
250 |a Vydání první 
264 1 |a Ostrava :  |b Jiří Reiter, nakladatelství Mytago,  |c 2017 
300 |a 637 stran :  |b ilustrace ;  |c 22 cm 
336 |a text  |b txt  |2 rdacontent 
337 |a bez média  |b n  |2 rdamedia 
338 |a svazek  |b nc  |2 rdacarrier 
500 |a Přeloženo z němčiny 
500 |a Terminologický slovník 
655 7 |a německé romány  |7 fd132945  |2 czenas 
655 7 |a dobrodružné romány  |7 fd132061  |2 czenas 
655 7 |a fantasy romány  |7 fd184199  |2 czenas 
655 7 |a čtenářské hry  |7 fd133978  |2 czenas 
655 9 |a German fiction  |2 eczenas 
655 9 |a adventure novels  |2 eczenas 
655 9 |a fantasy novels  |2 eczenas 
655 9 |a literary recreations  |2 eczenas 
700 1 |a Smrkovský, Michal  |7 xx0212372  |4 trl 
700 1 |a Frauenwahl, Fufu,  |d 1974-  |7 osa2017958329  |4 ill 
910 2 |a BOA001  |b 2-1389.754 
928 9 |a Mytago 
990 |a BK 
995 |a 01 
991 |b 201708  |c NOV 
996 6 |b 2610714153  |c 2-1389.754  |l MZK  |r Sklad / do 1 hodiny  |n 9  |p p.v.  |w 001621950  |u 000010  |a 1  |e BOA001  |j MZK50  |s P